[Event "Moscow-ch Men 2019"]
[Site "Moscow"]
[Date "2019.04.01"]
[Round "3.11"]
[White "Usov, Aleksandr E."]
[Black "Golubov, Saveliy"]
[Result "0-1"]
[WhiteElo "1627"]
[BlackElo "2460"]
[Annotator "TA"]
[PlyCount "124"]
[EventDate "2019.03.30"]
[EventType "swiss"]
[EventCountry "RUS"]
[SourceTitle "playchess.com"]
[Source "ChessBase"]
[SourceQuality "1"]

{[%evp 9,123,8,13,14,6,-41,-42,-36,-42,-44,-39,-55,-66,-68,-63,-84,-91,-82,-78,-156,-152,-150,-145,-147,-137,-156,-158,-158,-143,-165,-155,-162,-142,-146,-147,-147,-143,-211,-183,-180,-173,-195,-164,-169,-117,-152,-134,-204,-204,-204,-204,-283,-239,-253,-244,-235,-256,-244,-230,-236,-245,-400,-401,-383,-386,-898,-884,-935,-936,-926,-923,-945,-922,-1177,-1148,-2296,-2123,-2059,-1827,-1979,-1238,-1238,-1145,-29971,-29976,-29984,-29985,-29985,-29986,-29989,-29988,-29988,-29989,-29989,-29990,-29991,-29992,-29992,-29993,-29994,-29994,-29994,-29995,-29996,-29995,-29995,-29995,-29996,-29996,-29996,-29997,-29997,-29998,-29998,-29999,-29999]} 1. e4 Nf6 2. e5 Nd5 3. d4 d6 4. Nf3 Bg4 5. Bc4 e6 6. exd6 {B05: Alekhine's Defence: 4 Nf3 Bg4} (6. h3 Bh5 7. Qe2 c6 8. O-O Nd7 9. Nbd2 dxe5 10. dxe5 Qc7 11. Bb3 Nc5 12. c4 Nf4 13. Qe3 Nfd3 {½-½ (65) Martins,B (2262)-Padeiro,J (2209) Braga 2018}) 6... Bxd6 7. O-O Bxf3 8. Qxf3 {Black is slightly better.} Qh4 {[%csl Gd6][%cal Rh4h2]} 9. g3 Qxd4 10. Bxd5 Qxd5 11. Qxd5 exd5 12. Rd1 Nc6 $146 ({Predecessor:} 12... Nd7 13. Rxd5 Nb6 {0-1 (34) Dong,V-Guseinov,G Menorca 1996}) 13. Rxd5 O-O-O 14. Be3 {[#]} (14. Rd2 $142) 14... Bxg3 $1 $17 {[%mdl 512]} 15. Rxd8+ (15. fxg3 Rxd5) 15... Rxd8 16. Nd2 Be5 17. Nc4 Bf6 18. c3 b6 19. f4 Ne7 20. a4 Nd5 21. Kf2 Nxe3 22. Kxe3 {[%mdl 4096] Endgame KRB-KRN} Rd5 23. Nd2 (23. Rf1 $17) 23... Rh5 24. Nf3 Ra5 25. Ra3 Rd5 26. Ra1 Rd7 (26... Rh5 $19 27. Ke4 Kb7) 27. Nd2 Be7 28. b4 (28. Nc4 $17) 28... f5 $19 29. Rc1 Bf6 30. c4 Bb2 31. Rb1 Bd4+ 32. Ke2 Re7+ 33. Kd3 Bf2 34. c5 bxc5 35. b5 $2 (35. bxc5 {is a better defense.} Be3 36. Rb4) 35... Re3+ 36. Kc4 Ra3 37. Kd5 $2 (37. a5) 37... Rd3+ {[%mdl 64] [#] Double Attack} 38. Ke6 Rxd2 39. Kxf5 {KRB-KR} Ra2 40. Ke6 Rxa4 41. Kf7 Rxf4+ 42. Kxg7 h5 43. Kg6 h4 44. Kg5 Rb4 45. Rf1 Be3+ 46. Kh5 c4 {Black mates.} 47. Rf6 c3 48. Rc6 Rxb5+ 49. Kxh4 Rc5 50. Ra6 c2 51. Ra1 Rb5 52. Rf1 Rb1 53. Rf8+ Kb7 54. h3 Rb4+ 55. Kh5 c1=Q 56. Rf5 Qd1+ 57. Kg6 Rb6+ 58. Kg7 Bh6+ 59. Kg8 Qg1+ 60. Kf7 Qg6+ {[%mdl 64] Double Attack} 61. Ke7 Re6+ 62. Kd7 Qe8# {Accuracy: White = 45%, Black = 80%.} 0-1

[Event "Moscow-ch Men 2019"]
[Site "Moscow"]
[Date "2019.04.01"]
[Round "3.12"]
[White "Kozionov, Kirill"]
[Black "Chudinovskikh, Alexander M"]
[Result "1-0"]
[WhiteElo "2441"]
[BlackElo "2213"]
[Annotator "TA"]
[PlyCount "77"]
[EventDate "2019.03.30"]
[EventType "swiss"]
[EventCountry "RUS"]
[SourceTitle "playchess.com"]
[Source "ChessBase"]
[SourceQuality "1"]

{[%evp 14,77,4,4,23,28,22,8,89,83,124,120,130,127,131,117,131,127,152,142,145,145,147,137,132,148,167,141,153,152,182,175,243,251,239,241,256,256,287,234,306,296,303,306,293,302,348,348,631,625,613,613,596,574,669,654,676,682,660,658,1142,1141,1346,1242,29998,29999]} 1. b3 e5 2. Bb2 Nc6 3. e3 Nf6 4. Bb5 Bd6 5. Na3 {[%cal Bb1a3,Ba3c4,Bc4e5][%mdl 32]} e4 6. Nc4 {A01: Nimzowitsch-Larsen Opening} Be7 7. Bxc6 bxc6 8. Ne2 {LiveBook: 13 Games. The position is equal.} Ba6 $146 ({Predecessor:} 8... a5 9. O-O a4 10. d3 exd3 11. cxd3 axb3 12. axb3 Rxa1 13. Qxa1 {1-0 (27) Karjakin,S (2782)-Giri,A (2782) Leuven 2018}) 9. Ng3 O-O 10. Ne5 g6 {[#]} (10... Qe8 $11) 11. f3 $1 $16 Qe8 12. fxe4 d5 13. Ng4 Nxg4 14. Qxg4 dxe4 15. Qxe4 Bd6 {aiming for ...Bxg3+.} 16. O-O-O c5 17. Qd5 $40 {[%mdl 128] And now Ne4 would win. White has strong attack.} Qe6 18. Qxe6 fxe6 19. Ne4 Rf7 20. Nf6+ Kg7 21. e4 {[%cal Be3e4,Be4e5][%mdl 32]} Rxf6 22. e5 {[%mdl 64] [#] Double Attack} Rf5 (22... Rf7 {was necessary.}) 23. exd6+ $18 Kf7 24. dxc7 Rc8 25. g4 Rg5 26. Rhg1 Be2 27. Rde1 Rxg4 28. Rxg4 Bxg4 {[%mdl 4096] Endgame KRB-KRB} 29. Be5 Bf5 30. Re3 c4 $2 (30... Ke7 31. Rc3 Be4 32. Rxc5 Bg2) 31. bxc4 {[%cal Bb3c4,Bc4c5,Bc5c6][%mdl 32]} Ke7 32. Ra3 Kd7 33. Rxa7 g5 34. Ra6 Rg8 35. c5 Be4 36. Rd6+ Kc8 37. Rxe6 Bd5 38. Rb6 Bxa2 39. c6 {Accuracy: White = 97%, Black = 31%.} 1-0

[Event "Moscow-ch Men 2019"]
[Site "Moscow"]
[Date "2019.04.01"]
[Round "3.13"]
[White "Yeletsky, Ivan"]
[Black "Yakimenko, Alexander A."]
[Result "1-0"]
[WhiteElo "2409"]
[BlackElo "2082"]
[Annotator "TA"]
[PlyCount "101"]
[EventDate "2019.03.30"]
[EventType "swiss"]
[EventCountry "RUS"]
[SourceTitle "playchess.com"]
[Source "ChessBase"]
[SourceQuality "1"]

{[%evp 15,101,5,20,20,29,28,57,64,60,61,58,42,120,129,119,122,167,66,63,23,82,77,49,39,20,27,47,54,139,94,102,100,118,95,107,110,118,101,91,108,152,152,168,103,203,203,203,203,219,205,247,225,252,229,228,222,206,202,222,229,220,225,189,193,210,195,274,205,270,270,512,447,811,623,6303,6536,2611,2571,1940,2016,29988,29989,29997,29997,29997,29998,29998,29999]} 1. e4 e6 2. d4 d5 3. Nc3 Bb4 4. e5 c5 5. a3 Bxc3+ 6. bxc3 Qa5 7. Bd2 Qa4 8. Qg4 Kf8 9. Qd1 {C18: French: 3 Nc3 Bb4: Main line: 7 h4 and 7 Qg4} (9. h4 Nc6 10. h5 h6 11. Qd1 cxd4 12. Nf3 dxc3 13. Bxc3 g5 14. hxg6 Qe4+ 15. Be2 Qxg6 16. Qd2 Nge7 17. Bd3 Qxg2 18. Ke2 Qg4 19. Rh4 Qg7 20. Rg1 Ng6 21. Rf4 Nce7 22. Bb4 a5 23. Rxg6 {1-0 (23) Caruana,F (2804)-Lenderman,A (2599) Saint Louis 2018}) 9... Nc6 10. Nf3 Nge7 {[%cal Rc5d4]} 11. dxc5 {White is slightly better.} Qe4+ 12. Be2 Nxe5 13. O-O Bd7 $146 (13... Nxf3+ $14 14. Bxf3 Qa4) ({Predecessor:} 13... Nxf3+ 14. Bxf3 Qc4 15. Be3 f6 16. Rb1 Kf7 {½-½ (38) Yloenen,O (2444)-Loschnauer,R (2465) ICCF email 2012}) 14. Rb1 Bc6 15. Nd4 {f4 is the strong threat.} Nd7 {[#]} 16. Rb4 ({White should play} 16. Re1 $1 $18) 16... a5 $14 17. Rb2 Qe5 (17... Nxc5 $11 {keeps the balance.} 18. Be3 Na4) 18. Be3 $16 Nf5 19. Nxc6 bxc6 20. Bd4 Nxd4 21. cxd4 Qf6 ({Black should try} 21... Qc7 $1 $14) 22. Rb3 g6 23. Rb7 $36 {[%mdl 2048] Keeping Black busy.} Ke7 24. c4 Rhb8 25. Rc7 {Strongly threatening cxd5.} Rc8 {[#]} 26. Rxc8 $1 Rxc8 27. cxd5 cxd5 28. Ba6 Rc7 29. Qa4 (29. Qd2 $18) 29... Qh8 (29... Ra7 $16) 30. Qxa5 $18 Qb8 31. Bb5 Nf6 32. Qb4 Kf8 33. Rb1 Kg7 34. Bd3 Qa8 35. a4 Ra7 36. Bc2 Ne4 37. f3 Nf6 38. g3 h5 39. Kg2 h4 40. g4 Qh8 (40... Qd8 $142 41. Qb6 Qc7) 41. Qd2 h3+ 42. Kg3 Ra8 $2 (42... Nd7 43. Qe3 Qc8 44. Kxh3 Qc7) 43. Qf4 Nh7 (43... Nd7 $142 44. Rb5 Qc8 45. Kxh3 Qc6) 44. Qe5+ f6 45. Rb7+ Kh6 46. Qe3+ Ng5 47. f4 Ne4+ 48. Bxe4 {White mates.} dxe4 49. Kf2 {[%cal Re3h3]} g5 50. f5 exf5 51. Qxh3+ {Accuracy: White = 77%, Black = 29%.} 1-0

[Event "Moscow-ch Men 2019"]
[Site "Moscow"]
[Date "2019.04.01"]
[Round "3.14"]
[White "Tsoi, Dmitry"]
[Black "Tunik, Sergey"]
[Result "1-0"]
[WhiteElo "2340"]
[BlackElo "2167"]
[Annotator "TA"]
[PlyCount "107"]
[EventDate "2019.03.30"]
[EventType "swiss"]
[EventCountry "RUS"]
[SourceTitle "playchess.com"]
[Source "ChessBase"]
[SourceQuality "1"]

{[%evp 19,107,48,40,39,48,30,36,-34,2,7,0,0,0,7,80,77,80,77,80,85,170,170,173,178,162,170,173,170,161,151,139,143,139,78,128,129,122,115,115,0,0,-8,-1,-31,-40,-39,-44,-75,-10,-10,-10,-10,-10,-16,-8,-9,0,-10,0,0,4,3,8,8,16,28,219,224,211,164,726,562,29981,29982,29987,29988,29988,29989,29989,29984,29990,29985,29985,29985,29985,29986,29988,29989,29990,29991]} 1. c4 Nf6 2. g3 e5 3. Bg2 d5 4. cxd5 Nxd5 5. Nf3 Nc6 6. O-O Be7 7. d4 exd4 8. Nxd4 Nxd4 9. Qxd4 Nf6 10. Qa4+ c6 11. Rd1 {A20: English Opening: 1...e5} Bd7 12. e4 $146 ({Predecessor:} 12. Bg5 Qc7 13. Nc3 Be6 14. Qc2 O-O 15. e4 Rfd8 16. h3 Rxd1+ 17. Rxd1 Rd8 18. Be3 Rxd1+ 19. Qxd1 {1-0 (35) Movsesian,S (2699)-Bryzgalin,K (2470) Pardubice 2013}) 12... Qb6 13. Na3 (13. h3 $14) 13... Be6 (13... Ng4 $5 {[%cal Rb6f2]} 14. Rf1 Be6 $11) 14. Be3 Qxb2 15. Nc2 {With the idea e5.} b5 16. Qa6 $36 {[%mdl 2048] White is more active.} Qxc2 (16... O-O $1 $11 {keeps the balance.} 17. Nd4 Bc5) 17. Rac1 $16 Bc8 {[#]} 18. Qxc8+ $1 {[%mdl 512]} Rxc8 19. Rxc2 c5 (19... O-O $16) 20. Bh3 $18 {[%mdl 1024] White has strong compensation.} Rc7 21. Bf4 Rb7 22. Bc8 Rb6 {and if ...0-0 works, Black does fine.} 23. e5 Ne4 24. Bd7+ Kf8 25. Bf5 Ng5 26. Rxc5 ({White should try} 26. Bxg5 $1 Bxg5 27. Rxc5) 26... Nf3+ 27. Kg2 $1 {White wants to mate with Rc8+.} Bxc5 28. Rd8+ Ke7 29. Rd7+ ({White must play} 29. Rxh8 $16 Ne1+ 30. Kh3) 29... Ke8 $11 {White must now prevent ...Nd4.} 30. Kxf3 Rb8 31. e6 fxe6 32. Bxe6 Rb6 33. Bh3 {[#]} Rf8 (33... g5 $1 $17 {[%cal Rg5f4]} 34. Bxg5 (34. Rxa7 Rf8 $17 {[%mdl 64] Pin}) 34... Rf8+ 35. Ke4 Rxf2 36. Rxh7 Re2+ 37. Kf3 Rxa2 38. Bd7+ Kf8) 34. Rxg7 Bd6 {White should prevent ...Bxf4.} 35. Rxa7 Bxf4 36. gxf4 {[%mdl 4096] Endgame KRR-KRB} Rbf6 37. f5 R8f7 38. Ra5 Rb7 39. Kf4 Ke7 40. Bg2 Rbb6 41. Ke5 Ra6 42. Rxb5 Rfb6 $2 (42... Rh6 $1 $11 {and Black stays safe.}) 43. a4 $1 $18 Rh6 44. h3 Rxa4 $2 {[#]} (44... Rh4) 45. f6+ $1 {[%mdl 512]} Kf7 {[#]} (45... Rxf6 46. Rb7+) 46. Rb7+ $1 {White mates.} Kf8 47. Rb8+ Kf7 48. Bd5+ Kg6 49. Rg8+ Kh5 50. Bf3+ Kh4 51. Rg4+ Rxg4 52. Bxg4 Kg5 53. f4+ Kg6 54. Ke6 {Accuracy: White = 75%, Black = 29%.} 1-0

[Event "Moscow-ch Men 2019"]
[Site "Moscow"]
[Date "2019.04.01"]
[Round "3.15"]
[White "Rozanov, Pavel B."]
[Black "Salman, Pavel"]
[Result "1/2-1/2"]
[WhiteElo "2242"]
[BlackElo "2248"]
[Annotator "TA"]
[PlyCount "256"]
[EventDate "2019.03.30"]
[EventType "swiss"]
[EventCountry "RUS"]
[SourceTitle "playchess.com"]
[Source "ChessBase"]
[SourceQuality "1"]

{[%evp 13,256,82,95,91,101,77,105,89,109,93,106,116,89,70,92,66,30,17,20,14,21,14,14,0,22,12,45,20,92,91,131,65,75,76,75,51,45,47,46,27,31,31,25,41,28,8,8,31,18,-13,20,16,31,24,24,24,70,70,64,70,63,67,117,118,140,128,131,108,102,92,195,192,198,121,121,120,161,160,252,102,188,193,182,123,131,128,298,284,380,369,575,325,485,631,616,616,594,521,420,0,419,293,286,284,256,197,232,152,266,210,252,152,192,184,217,208,264,156,112,112,29978,2181,1488,1725,1268,1414,7508,7508,7270,6662,6760,1224,1289,1154,5317,7509,7637,6952,6564,6327,3068,5061,3068,5061,5317,5061,3068,310,0,0,0,0,37,0,185,127,0,0,0,0,0,0,0,0,0,0,0,0,29973,0,0,0,0,0,0,0,0,0,0,0,0,0,0,0,0,0,0,0,0,0,0,0,0,0,0,0,0,0,0,0,0,0,0,0,0,0,0,0,0,0,0,0,0,0,0,0,0,0,0,0,0,0,0,0,0,0,0,0,0,0,0,0,0,0,0,0,0,0,0,0,0,0,0,0,0]} 1. d4 Nf6 2. c4 c5 3. d5 b5 4. cxb5 a6 5. f3 e6 6. e4 c4 7. Bxc4 axb5 8. Bxb5 {A57: Benko/Volga Gambit} Bc5 9. Nc3 O-O 10. Nge2 {White is better.} Qb6 11. Bg5 (11. Qb3 Na6 12. Bg5 Nc7 13. Bc4 Qa7 14. O-O-O Ba6 15. Bxa6 Qxa6 {1-0 (52) Volkov,S (2634)-Iljushin,A (2543) Sochi 2005}) 11... Ne8 12. Qb3 $146 ({Predecessor:} 12. Rc1 Bf2+ 13. Kf1 f6 14. Bf4 e5 15. Bd2 Nd6 16. Bd3 Ba6 17. Na4 Qa7 18. Bb4 Be3 19. Rc3 Ne8 20. Bxf8 {1-0 (20) Simantsev,M (2511)-Averjanov,A (2395) Kharkov 2009}) 12... Nc7 13. Bc4 Qa7 14. a3 exd5 $1 15. Nxd5 Nxd5 16. Bxd5 Nc6 $1 17. Rc1 {next Qc3 is good for White.} Ba6 18. Rxc5 Qxc5 19. Be3 Qa5+ 20. Bd2 Qd8 (20... Qc5 $11 21. Be3 Qa5+ 22. Bd2 Qc5 23. Be3) 21. Qe3 $1 $16 Ne5 22. O-O (22. Bc3 $1 $16 {[%cal Rc3e5]} Nd3+ 23. Kd2) 22... Nc4 $14 23. Bxc4 Bxc4 24. Bc3 Bxe2 25. Qxe2 d5 26. Rd1 Qb6+ 27. Bd4 Qe6 28. e5 Rfc8 29. f4 Ra4 30. Qd3 Qg4 31. Be3 d4 32. h3 Qg3 33. Bxd4 $40 {[%mdl 128] Black needs to defend precisely.} Qxf4 34. Bc3 {Threatening mate with Qd8+!} h5 35. Rf1 Qc4 36. Qf5 Qe6 37. Qxh5 Re4 38. Qf3 Rcc4 39. Rd1 ({Of course not} 39. b3 $6 Rf4 $11) 39... Qb6+ 40. Kh1 Rf4 41. Qg3 Qe6 (41... Qf2 $16 {was called for.} 42. Qg5 Qh4 43. Qd8+ Qxd8 44. Rxd8+ Kh7) 42. Rd6 $18 Qe7 43. e6 (43. Qd3 $18 Rc8 44. e6 $1 {[%mdl 512]}) 43... fxe6 $16 44. Qd3 Rc7 45. Be5 Rf8 46. Kh2 (46. Rd4 $1 $18) 46... Rb7 (46... Qg5 $16 47. Rxe6 Re7 48. Rxe7 Qxe7 49. Qd5+ Qf7) 47. b4 $18 Rf5 48. Rd8+ (48. Bg3 $18) 48... Kf7 $16 49. Bg3 Rfb5 $2 (49... Ra7 $16 {is a better defense.}) 50. Rd4 $18 g6 51. Rh4 ({Weaker is} 51. Bh4 Qc7+ 52. Bg3 Qe7 $18) 51... Rh5 (51... Qf6 $142 52. Qc2 Re7 53. Rh7+ Kg8 54. Rxe7 {[%mdl 64] Overworked Piece} Qxe7 55. Qxg6+ Kf8) 52. Qf3+ Ke8 (52... Kg8 $142 53. Rxh5 gxh5 54. Qxh5 Qf7 55. Qg4+ Kf8) 53. Rxh5 gxh5 54. Qxh5+ {[%mdl 4096] Endgame KQR-KQB} Kd7 55. Qa5 Ke8 56. Qh5+ Kd7 $1 57. Be5 Rb5 58. Qe2 Rd5 59. Qe3 Ke8 60. Qf4 Qd7 (60... Qf8 $16) 61. Qe4 Kd8 62. Bf6+ Kc8 63. Bh4 Kb8 64. Bg3+ Ka7 65. a4 (65. Bf2+ $18 Kb7 66. h4) 65... Qxa4 $16 66. Qxe6 Qa2 $2 {[%mdl 8192]} (66... Qd7 $16 67. Bf2+ Kb7 68. Qb6+ Kc8) 67. Bf2+ (67. Bc7 $142 Qa6 68. Qxd5 Qc8 69. Qc5+ Ka8 70. Bd6 Qxc5 71. bxc5 Ka7 72. c6) 67... Qxf2 $18 68. Qxd5 {KQ-KQ} Qf4+ 69. g3 Qxb4 70. h4 Qg4 71. Qe5 Qd1 72. Qe3+ (72. Qf5 $142 Kb7 73. h5) 72... Kb7 73. Kg2 Kc8 74. Qf3 Qd2+ 75. Kh3 Kd8 76. g4 Ke8 77. g5 Qd7+ 78. Kg3 Qd6+ 79. Qf4 Qd3+ {[#]} 80. Kf2 $1 Qc2+ 81. Kf3 Qd1+ 82. Kg3 Qg1+ 83. Kh3 Qd1 $1 {[#]} 84. Qe4+ $1 Kf8 (84... Kf7 $16 85. Kg3 Kg7 86. Qe7+ Kg6 87. Qf6+ Kh7 88. Qf7+ Kh8 89. Qe8+ Kg7 90. Qe5+ Kg8 91. Qe6+ Kg7 92. Qf6+ Kg8 93. Qg6+ Kf8 94. Qf5+ Kg7 95. Qf6+ Kg8 96. Qe6+ Kg7 97. Qh6+ Kg8 98. Qg6+ Kf8 99. Qh6+ Kg8 100. Qg6+) 85. Kg3 Qg1+ 86. Qg2 Qa1 87. Qf3+ Kg7 88. Kg4 Qd4+ 89. Kh5 Qe5 90. Qb7+ Kg8 $2 {[%mdl 8192]} (90... Kh8 $11) 91. Qc8+ $2 (91. Qb6 {mates} Qe1 92. Qd8+ Kg7 93. Qd4+ Kf8 94. Qh8+ Ke7 95. Qf6+ Kd7 96. g6 Qe2+ 97. Kh6) 91... Kg7 $1 $11 {The position is equal.} 92. Qd7+ Kh8 $1 93. Qd8+ Kg7 $1 {[%cal Re5e2]} 94. Qd3 Qe8+ 95. Kg4 Qe6+ 96. Kf4 Qf7+ 97. Qf5 Qc4+ 98. Qe4 Qf1+ 99. Ke5 Qb5+ 100. Kd6 Qb6+ 101. Kd7 Qa7+ 102. Kd8 {White wants to mate with Qe7+.} Qb8+ 103. Kd7 {Qe7+ would kill now.} Qa7+ 104. Ke6 {Hoping for Qe5+.} Qb6+ 105. Ke5 Qb5+ 106. Qd5 Qe8+ 107. Kf5 Qc8+ 108. Kf4 Qc1+ 109. Kg4 {Threatens to win with Qe5+.} Qc8+ 110. Kg3 Qc3+ 111. Kf2 Qb2+ 112. Ke3 Qc3+ 113. Kf4 {Intending Qe5+ and mate.} Qc1+ 114. Ke5 Qe1+ 115. Qe4 Qa5+ 116. Kf4 {White threatens Qe5+ and mate.} Qd2+ 117. Qe3 Qb4+ 118. Kf5 Qf8+ 119. Kg4 Qc8+ 120. Kg3 {And now Qe5+ would win.} Qc7+ 121. Kg2 Qb7+ 122. Kf2 {aiming for Qc3+.} Qb2+ 123. Kf3 {h5 is the strong threat.} Qb7+ 124. Kf4 {Strongly threatening Qd4+.} Qf7+ 125. Ke4 Qe6+ 126. Kd3 Qb3+ 127. Ke2 Qc4+ 128. Kf3 {Black must now prevent Qe7+.} Qxh4 {Accuracy: White = 52%, Black = 58%.} 1/2-1/2

[Event "Moscow-ch Men 2019"]
[Site "Moscow"]
[Date "2019.04.01"]
[Round "3.16"]
[White "Zakhartsov, Vladimir"]
[Black "Khudyakov, Stanislav"]
[Result "1-0"]
[WhiteElo "2468"]
[BlackElo "2106"]
[Annotator "TA"]
[PlyCount "125"]
[EventDate "2019.03.30"]
[EventType "swiss"]
[EventCountry "RUS"]
[SourceTitle "playchess.com"]
[Source "ChessBase"]
[SourceQuality "1"]

{[%evp 24,125,26,18,15,20,23,0,0,0,22,10,12,12,16,7,0,0,22,13,10,12,25,17,22,16,25,11,6,14,15,15,101,54,168,0,0,-9,0,-25,-23,-25,-25,-23,-35,-20,52,38,77,45,101,83,85,63,116,60,47,14,100,37,176,167,249,241,239,143,213,72,55,55,56,58,57,58,92,20,70,8,44,57,64,64,81,81,81,88,177,177,177,177,257,257,257,257,257,257,287,257,257,257,257,257,664,640]} 1. d4 Nf6 2. c4 c6 3. Nc3 d5 4. Nf3 dxc4 5. a4 Bf5 6. Ne5 Nbd7 7. Nxc4 Nb6 8. Ne5 a5 9. f3 {D17: Slav Defence: 5 a4 Bf5: Lines with 6 Nh4 and 6 Ne5} (9. e3 Nfd7 10. Bd3 Bxd3 11. Nxd3 e6 12. O-O Be7 13. Qb3 O-O 14. e4 Ra6 15. Be3 Qb8 16. Rac1 Rd8 {1-0 (37) Giri,A (2782)-Aronian,L (2767) chess.com INT 2018}) 9... Nfd7 10. Nxd7 Nxd7 11. e4 Bg6 12. Be2 e6 13. O-O {LiveBook: 30 Games} Bb4 14. Be3 O-O 15. Qc2 Qe7 16. Qb3 $146 ({Predecessor:} 16. Na2 Bd6 {1-0 (42) Rombaldoni,D (2436)-Fernandez Lopez,J (2095) Dresden 2008}) 16... Rab8 17. Rac1 Kh8 18. Na2 Bd6 19. e5 Bc7 20. f4 Nb6 21. d5 Nxd5 22. Bc5 $36 {[%mdl 2048] White has some pressure.} Qh4 23. g3 Qh3 24. Bxf8 Rxf8 25. Bf3 {Threatens to win with Bg2.} Bb6+ 26. Kh1 {aiming for Bg2.} Bd4 27. Bg2 Qh6 (27... Qg4 $11 {remains equal.}) 28. Rcd1 (28. Qxb7 {feels hotter.} Bd3 29. Qxc6 Bxb2 30. Qc5 Rg8 31. Rb1) 28... Bc5 (28... c5 $1 $14) 29. Rfe1 $2 (29. Qxb7 $18 Ne3 30. Qxc6) 29... b6 $11 30. Rd2 Bf5 31. Nc3 g5 32. fxg5 $1 Qxg5 33. Rde2 $1 Qh5 34. Ne4 Bb4 (34... Bg4 $11 35. Nxc5 Bxe2) 35. Bf3 $14 Qh3 36. Rg1 Rg8 (36... Bg6 $14) 37. Nf2 Qh6 38. Be4 Bc5 (38... Qh5 $14 39. Bf3 Qg6) 39. Qf3 ({White should play} 39. Bxf5 $16 exf5 40. Qf3) 39... Rg5 40. Rge1 (40. g4 $5 {[%cal Re4d5]} Qg7 41. Rg2 Bxe4 42. Nxe4 $11) 40... Bb4 (40... Qg7 $11) 41. Rf1 ({Better is} 41. Rd1 $16) 41... Bc5 (41... Qg7 $1 $14) 42. g4 $1 $18 {[%cal Rg4f5]} Bg6 (42... Bxf2 {is a better defense.} 43. gxf5 (43. Rexf2 Bxe4 44. Qxe4 Qg6 $16) 43... Bc5) 43. Bxg6 $1 ({Resist} 43. Bxd5 $6 cxd5 44. Nh3 (44. Qf6+ Kg8 $11) 44... Kg8) 43... Rxg6 44. Nd3 ({Worse is} 44. Qxf7 Rg8 $11) ({White has to play} 44. Ne4 $1 $18) 44... Ne3 (44... Be7 $16 {was called for.}) 45. Nf4 (45. Rg1 $18 {is more deadly.} Nf5 46. Nxc5) 45... Nxf1 $16 46. Nxg6+ hxg6 47. Qxf1 {[%mdl 4096] Endgame KQR-KQB} Kg8 48. Kg2 Qg5 49. h3 ({White should try} 49. Kg3 $1 $16) 49... Bd4 50. Qe1 (50. Qf6 $14 Qxf6 51. exf6) 50... c5 51. b3 Qd8 {And now ...Qd5+ would win.} 52. Qg3 Qg5 {[#]} 53. h4 $1 {[%cal Rh4g5]} Qc1 {Strongly threatening ...Qg1+.} 54. Qe1 Qf4 (54... Qh6 $16) 55. Re4 $18 Qh6 {[#]} 56. Kh3 $1 Kg7 (56... Qg7 $142 57. h5 Kh7) 57. Qf1 {Hoping for Rf4.} Kg8 58. g5 Qg7 59. Qf6 Kh7 60. Qxg7+ Kxg7 61. Kg4 Kf8 62. Kf3 Ke7 $2 (62... Bc3 63. Ke2 c4 64. bxc4 Ke7) 63. Ke2 {Precision: White = 60%, Black = 22%.} 1-0

[Event "Moscow-ch Men 2019"]
[Site "Moscow"]
[Date "2019.04.02"]
[Round "4.5"]
[White "Afanasiev, Nikita"]
[Black "Popov, Ivan"]
[Result "1/2-1/2"]
[WhiteElo "2527"]
[BlackElo "2585"]
[Annotator "TA"]
[PlyCount "59"]
[EventDate "2019.03.30"]
[EventType "swiss"]
[EventCountry "RUS"]
[SourceTitle "playchess.com"]
[Source "ChessBase"]
[SourceQuality "1"]

{[%evp 15,59,-2,3,-6,28,21,16,8,10,0,0,0,0,0,0,0,8,8,4,6,6,4,10,14,15,12,12,8,8,8,10,10,10,8,11,6,8,6,6,0,0,0,6,0,0,0]} 1. e4 e5 2. Nf3 Nc6 3. Nc3 Nf6 4. d4 exd4 5. Nxd4 Bb4 6. Nxc6 bxc6 7. Bd3 O-O 8. O-O d5 9. exd5 {C47: Scotch Four Knights and Four Knights with 4 g3} Bg4 (9... cxd5 10. Qf3 c6 11. Bg5 Bd6 12. Rae1 Rb8 13. Nd1 h6 14. Bxf6 Qxf6 15. Qxf6 gxf6 16. b3 Kg7 17. Ne3 Re8 18. Nf5+ Bxf5 19. Bxf5 Re5 20. Bd3 Bb4 21. Re3 Rxe3 22. fxe3 {½-½ (35) Duda,J (2738)-Ding,L (2813) Wijk aan Zee 2019}) 10. f3 Bh5 {The position is equal.} 11. Bg5 cxd5 12. Nxd5 Qxd5 13. Bxf6 $1 {[#] aiming for Bxh7+!} Qc5+ 14. Kh1 gxf6 15. a3 $1 Ba5 {And now ...Bb6 would win.} 16. b4 {[#]} Bxb4 $1 17. axb4 Qxb4 {[#]} 18. Ra6 $146 Qc3 19. Qa1 Qxa1 20. Rfxa1 Bg6 21. Rxa7 Rxa7 22. Rxa7 Bxd3 23. cxd3 $11 {[%mdl 4096] Endgame KR-KR} Rb8 {[%cal Rb8b1]} 24. Kg1 (24. h3 {looks sharper.} Rb3 25. d4 Rc3 26. Ra4 Kg7 27. Kh2) 24... Rb3 25. Rxc7 Rxd3 26. Kf2 Rd2+ 27. Kg1 Rd1+ 28. Kf2 Rd2+ 29. Kg1 Rd1+ 30. Kf2 {Accuracy: White = 56%, Black = 69%.} 1/2-1/2